000 00638nam a2200241Ia 4500
003 OSt
005 20221005064626.0
006 a|||||r|||| 00| 0
007 ta
008 221004b |||||||| |||| 00| 0 tam d
024 _a63794
037 _cTextual
040 _aCRL
_cCRL
_btam
041 _2tam
_atam
082 _aV2,41wN03, 31K3
100 _aNamasivayam Au.
_9604042
245 0 _aKamaraj Varalaru
260 _aMadurai
_bBharathi Puthaka Nilayam India
_c1963
300 _a370p.
_ccm.
650 _aHISTORY
942 _hV2,41wN03, 31K3
_cTEXL
_2cc
999 _c973350
_d973350